<?xml version="1.0" encoding="UTF-8"?>
<record
    xmlns:xsi="http://www.w3.org/2001/XMLSchema-instance"
    xsi:schemaLocation="http://www.loc.gov/MARC21/slim http://www.loc.gov/standards/marcxml/schema/MARC21slim.xsd"
    xmlns="http://www.loc.gov/MARC21/slim">

  <leader>00797nam a2200241 a 4500</leader>
  <controlfield tag="001">29658</controlfield>
  <controlfield tag="003">BD-RjUL</controlfield>
  <controlfield tag="005">20211209051436.0</controlfield>
  <controlfield tag="008">181030s1949    pk       b    001 0deng d</controlfield>
  <datafield tag="035" ind1=" " ind2=" ">
    <subfield code="a">(BD-RjUL)29743</subfield>
  </datafield>
  <datafield tag="040" ind1=" " ind2=" ">
    <subfield code="a">DLC</subfield>
    <subfield code="c">DLC</subfield>
    <subfield code="d">BD-RjUL</subfield>
    <subfield code="b">eng</subfield>
  </datafield>
  <datafield tag="041" ind1=" " ind2=" ">
    <subfield code="a">eng</subfield>
  </datafield>
  <datafield tag="082" ind1=" " ind2=" ">
    <subfield code="a">297.63</subfield>
    <subfield code="2">23</subfield>
    <subfield code="b">SAM 1949</subfield>
  </datafield>
  <datafield tag="100" ind1="1" ind2=" ">
    <subfield code="a">Sarwar, Hafiz Ghulam</subfield>
    <subfield code="9">224561</subfield>
  </datafield>
  <datafield tag="245" ind1="1" ind2="0">
    <subfield code="a">Muhammad : the holy prophet. Author: 	Hafiz Ghulam Sarwar</subfield>
    <subfield code="b">the holy prophet /  </subfield>
    <subfield code="c">by Hafiz Ghulam Sarwar</subfield>
  </datafield>
  <datafield tag="250" ind1=" " ind2=" ">
    <subfield code="a">3rd impression</subfield>
  </datafield>
  <datafield tag="260" ind1=" " ind2=" ">
    <subfield code="a">Lahore:</subfield>
    <subfield code="b">Muhammad Ashraf, </subfield>
    <subfield code="c">1949</subfield>
  </datafield>
  <datafield tag="300" ind1=" " ind2=" ">
    <subfield code="a">xx, 472 p. ; </subfield>
    <subfield code="c">22 cm.</subfield>
  </datafield>
  <datafield tag="600" ind1=" " ind2=" ">
    <subfield code="a"> Mu&#x1E25;ammad, </subfield>
    <subfield code="c">Prophet, </subfield>
    <subfield code="d">-632 </subfield>
    <subfield code="x">Biography</subfield>
    <subfield code="9">224562</subfield>
  </datafield>
  <datafield tag="650" ind1=" " ind2="0">
    <subfield code="a">Psychology</subfield>
    <subfield code="x">Research</subfield>
    <subfield code="z">India.</subfield>
    <subfield code="9">89189</subfield>
  </datafield>
  <datafield tag="650" ind1=" " ind2="0">
    <subfield code="a">Psychology</subfield>
    <subfield code="x">Research</subfield>
    <subfield code="x">Social aspects</subfield>
    <subfield code="z">India.</subfield>
    <subfield code="9">89190</subfield>
  </datafield>
  <datafield tag="942" ind1=" " ind2=" ">
    <subfield code="2">ddc</subfield>
    <subfield code="c">RAR</subfield>
  </datafield>
  <datafield tag="999" ind1=" " ind2=" ">
    <subfield code="c">29658</subfield>
    <subfield code="d">29658</subfield>
  </datafield>
  <datafield tag="952" ind1=" " ind2=" ">
    <subfield code="0">0</subfield>
    <subfield code="1">0</subfield>
    <subfield code="2">ddc</subfield>
    <subfield code="4">0</subfield>
    <subfield code="7">1</subfield>
    <subfield code="8">RARE</subfield>
    <subfield code="a">RUCL</subfield>
    <subfield code="b">RUCL</subfield>
    <subfield code="c">Rare</subfield>
    <subfield code="d">1966-07-30</subfield>
    <subfield code="e">A. I. Quraishi</subfield>
    <subfield code="g">10.40</subfield>
    <subfield code="l">0</subfield>
    <subfield code="o">RA 297.63 SAM 1949</subfield>
    <subfield code="r">2018-10-30 00:00:00</subfield>
    <subfield code="t">C-1</subfield>
    <subfield code="w">2018-10-30</subfield>
    <subfield code="y">RAR</subfield>
  </datafield>
</record>
